Theobroma cacao L. : A genetic linkage map and quantitative trait loci analysis (Record no. 71180)

MARC details
000 -LEADER
fixed length control field 00452nam a2200157Ia 4500
100 ## - MAIN ENTRY--AUTHOR NAME
Personal name Crouzillat D
245 #0 - TITLE STATEMENT
Title Theobroma cacao L. : A genetic linkage map and quantitative trait loci analysis
260 ## - PUBLICATION, DISTRIBUTION, ETC. (IMPRINT)
Name of publisher Theoretical and Applied Genetics
Year of publication 1996
300 ## - PHYSICAL DESCRIPTION
Number of Pages 205-214
650 ## - SUBJECT ADDED ENTRY--TOPICAL TERM
Topical Term Genetic map
650 ## - SUBJECT ADDED ENTRY--TOPICAL TERM
Topical Term Molecular markers
650 ## - SUBJECT ADDED ENTRY--TOPICAL TERM
Topical Term QTL
650 ## - SUBJECT ADDED ENTRY--TOPICAL TERM
Topical Term Theobroma cacao
942 ## - ADDED ENTRY ELEMENTS (KOHA)
Koha item type Journals
Holdings
Withdrawn status Lost status Damaged status Not for loan Home library Current library Shelving location Date acquired Serial Enumeration / chronology Koha item type
      Journals RRII Library RRII Library Molecular marker 17/12/2021 Volume 93, Issue 02-Jan Journals